000 02284nam a22002897a 4500
003 OSt
005 20251103100853.0
008 250910b |||||||| |||| 00| 0 eng d
022 _a0020-8825
040 _aEnglish
_ctbs
041 _aEnglish
100 _aMintzberg, Henry
_93080
245 _aPatterns in Strategy Formation
_c/ Henry Mintzberg
260 _bManagement Science
_c1978
362 _aManagement Science, Vol. 24, No. 9 (May, 1978), pp. 934-948
520 _aThe literature on strategy formation is in large part theoretical but not empirical, and the usual definition of “strategy” encourages the notion that strategies, as we recognize them ex post facto, are deliberate plans conceived in advance of the making of specific decisions. By defining a strategy as “a pattern in a stream of decisions”, we are able to research strategy formation in a broad descriptive context. Specifically, we can study both strategies that were intended and those that were realized despite intentions. A research program suggested by this definition is outlined, and two of the completed studies are then reviewed—the strategies of Volkswagenwerk from 1934 to 1974 and of the United States government in Vietnam from 1950 to 1973. Some general conclusions suggested by these studies are then presented in terms of three central themes: that strategy formation can fruitfully be viewed as the interplay between a dynamic environment and bureaucratic momentum, with leadership mediating between the two forces; that strategy formation over time appears to follow some important patterns in organizations, notably life cycles and distinct change-continuity cycles within these; and that the study of the interplay between intended and realized strategies may lead us to the heart of this complex organizational process.
653 _aStrategy formation
653 _aIntended strategies
653 _aDecision patterns
653 _aBureaucratic momentum
653 _aLeadership
653 _aChange–continuity cycles
653 _aPlanned vs. emergent strategies
653 _aVolkswagen case study (1934–1974)
856 _uhttps://bibliotheque.tbs-education.fr/Default/doc/edsjsr/_b64_ZWRzanNyLjQwMzk2ODM4/patterns-in-strategy-formation
942 _2lcc
999 _c5125
_d5125